000 00775nam a2200265Ia 4500
001 Para_4510
003 CHAP
008 220125s1922 xx 000 0 und d
010 _a202991
040 _cCHAP
090 _aPA FOLLETO 1758
100 _aMcDonnell, C. C
_973488
245 _aChemical changes in calcium arsenate during storage /
_c C. C. McDonnell, C. M. Smith
260 _aWashington :
_b Department of Agriculture
300 _a28 p.
440 _aEUA. Dept. Agri. Bull; 1115
_9168543
650 _aPesticidas Calcium arsenate during storage
_9168544
901 _aPA FOLLETO 1758
902 _aA
905 _a0000001922 WAS 0000000000 00
910 _a1922
942 _cPARA
942 _cPARA
_d1
999 _c202991
_d202991